00598 2200253 4500001002100000005001500021035002000036007000300056008004100059020002200100082000800122084001400130100001700144245004300161250001500204260003100219300003400250990001000284990001000294990001000304990001000314990001000324990001000334INLIS00000000000693420251219102816 a0010-0221000377ta251219 0 ind  a978-602-37519-6-9 a813 a813 GHO b0 aGhyna Amanda1 aBora & Nok the journal /cGhyna Amanda aCetakan II aJakarta :bGrasindo,c2017 a210 hlm :bilus ;c13 x 19 cm a01090 a01089 a01088 a01575 a01574 a01573